000 00269nam a2200109Ia 4500
008 190216s9999||||xx |||||||||||||| ||und||
100 _aNikolay Yefimov
245 0 _aVithyasthamaya Oru Jeevitha Reethi
260 _bSoviet Pub
650 _aEssay Malayalam
942 _cBK
999 _c25522
_d25522